SI defining constants - Statistics

General Stats
  • This quiz has been taken 65 times
    61 since last reset
  • The average score is 37 of 61
Answer Stats
# const pos digit % Correct
11 c 8 2
100%
12 c 7 9
100%
13 c 6 9
100%
14 c 5 7
96%
16 c 3 2
88%
17 c 2 4
88%
49 NA 0 6.
88%
15 c 4 9
88%
50 NA -1 0
84%
30 e 0 1.
80%
51 NA -2 2
80%
18 c 1 5
80%
20 h 0 6.
80%
21 h -1 6
80%
19 c 0 8
80%
22 h -2 2
76%
31 e -1 6
76%
52 NA -3 2
68%
2 ΔvCs 8 1
64%
41 k 0 1.
64%
23 h -3 6
64%
1 ΔvCs 9 9
64%
4 ΔvCs 6 2
60%
42 k -1 3
60%
5 ΔvCs 5 6
60%
43 k -2 8
60%
3 ΔvCs 7 9
60%
24 h -4 0
56%
32 e -2 0
56%
7 ΔvCs 3 1
56%
53 NA -4 1
56%
58 NA exp ×10{23}
56%
29 h exp ×10-{34}
56%
28 h -8 5
56%
25 h -5 7
56%
26 h -6 0
52%
44 k -3 0
52%
27 h -7 1
52%
6 ΔvCs 4 3
52%
46 k -5 4
52%
45 k -4 6
52%
8 ΔvCs 2 7
52%
9 ΔvCs 1 7
52%
10 ΔvCs 0 0
48%
40 e exp ×10-{19}
48%
48 k exp ×10-{23}
48%
33 e -3 2
48%
54 NA -5 4
48%
47 k -6 9
48%
55 NA -6 0
44%
34 e -4 1
44%
37 e -7 1
44%
38 e -8 3
44%
39 e -9 4
44%
36 e -6 6
44%
57 NA -8 6
44%
35 e -5 7
44%
56 NA -7 7
44%
61 Kcd 0 3
36%
59 Kcd 2 6
36%
60 Kcd 1 8
36%
No matching quizzes found
Score Distribution
Percent of People with Each Score
Percentile by Number Answered
Your Score History
You have not taken this quiz since the last reset